Palmas y ombúes. Poesías de Alejandro Magariños Cervantes, miembro correspondiente de la R. Academia Española. Segunda parte

Na minha lista:
Detalhes bibliográficos
Autor principal: Magariños Cervantes, Alejandro (autor)
Formato: Livro
Idioma:espanhol
Publicado em: Montevideo Imprenta Elzeviriana, de C. Becchi 1888
Edição:2a. ed
Colecção:Biblioteca de autores uruguayos
Assuntos:
Tags: Adicionar Tag
Sem tags, seja o primeiro a adicionar uma tag!

MARC

LEADER 00000nam a2200000 a 4500
001 UCJ6406
003 CL-VaPUC
008 070124e18880000UY |||||||||||||||||spa|d
082 0 4 |a U861  |b MAG  |2 21 
100 |a Magariños Cervantes, Alejandro  |e autor  |9 513021 
245 1 0 |a Palmas y ombúes. Poesías de Alejandro Magariños Cervantes, miembro correspondiente de la R. Academia Española. Segunda parte  
250 |a 2a. ed 
300 |a 519 p 
942 |c BK 
945 |d 20070124 00:00:00  |a rinostro 
260 |a Montevideo  |b Imprenta Elzeviriana, de C. Becchi  |c 1888 
500 |a Edición revisada, corregida y anotada por el autor. Advierte errata 
600 0 7 |a LAVALLE, JUAN  |2 CL-VaPUC  |9 506949 
600 0 7 |a ROSAS, JUAN MANUEL  |2 CL-VaPUC  |9 319850 
650 0 |a Poesía   |9 265825 
650 0 |a Crítica literaria   |9 269189 
650 0 |a Traducciones   |9 453516 
651 0 |a Argentina  |9 254888 
651 0 |a Uruguay  |9 255194 
583 |a last modification  |c 20070124 00:00:00  |k Rodrigo Vera 
490 0 |a Biblioteca de autores uruguayos 
999 |c 322511  |d 322509 
952 |0 0  |1 0  |4 0  |6 U_861_000000000000000_MAG_1888  |7 0  |8 X  |9 401517  |a FDOBUD  |b FDOBUD  |d 2019-11-22  |i 1047639  |o U861 MAG 1888  |p 1047639  |r 2019-11-22  |w 2019-11-22  |y BK_X  |k BUD